Cookie-Cutter Stadiums - Statistics

General Stats
  • This quiz has been taken 13 times
  • The average score is 8 of 11
Answer Stats
Picture Hint Answer % Correct
Seattle | 1976–2000 King County Stadium
100%
Houston | 1965– Houston Astrodome
83%
Washington D.C. | 1961–2026 Robert F. Kennedy Memorial Stadium
83%
Pittsburgh | 1970–2001 Three Rivers Stadium
83%
Atlanta | 1965–1997 Atlanta–Fulton County Stadium
67%
St. Louis | 1966–2005 Busch Memorial Stadium
67%
Oakland | 1966– Oakland–Alameda County Coliseum
67%
Cincinnati | 1970–2002 Riverfront Stadium
67%
San Diego | 1967–2021 San Diego Stadium
67%
Philadelphia | 1971–2004 Veterans Stadium
67%
New York City | 1964–2009 William A. Shea Municipal Stadium
67%
No matching quizzes found
Score Distribution
Percent of People with Each Score
Percentile by Number Answered
Your Score History
You have not taken this quiz